| 000 | 00579nam a22001937a 4500 | ||
|---|---|---|---|
| 005 | 20250731151841.0 | ||
| 008 | 231016b |||||||| |||| 00| 0 eng d | ||
| 020 | _a 9780192631473 | ||
| 082 |
_a616.31 _bFIE-T |
||
| 100 | _aField, E. Anne | ||
| 245 |
_aTyldesley's Oral Medicine / _bAnne Field, Lesley Longman, |
||
| 250 | _a5th ed. | ||
| 260 |
_bOxford University Press: _c2003. |
||
| 300 |
_a243 p: _bxi, : illustrations (some color) ; . _c28 cm. |
||
| 500 | _aPrinted in Pakistan.Include Index. | ||
| 650 | _aDentistry/Medical | ||
| 700 | _aLesley Longman | ||
| 999 |
_c33909 _d33909 |
||